La plus grosse valeur marchande par club de ligue 1 - Statistiques

Statistiques générales
  • Ce quiz a été pris 82 fois
  • Le résultat moyen est 8 sur 18
Statistiques - réponses
Club Valeur (Millions) Nationalité Joueur % Correct
LOSC Lille 50 Canada Jonathan David
95%
Paris-Saint Germain 60 France Ousmane Dembélé
95%
AS Monaco 30 Russie Aleksandr Golovin
86%
RC Lens 25 Argentine Facundo Medina
76%
OGC Nice 25 Nigéria Terem Moffi
72%
Olympique Lyonnais 25 France Rayan Cherki
59%
Stade Rennais 25 France Amine Gouiri
58%
Olympique de Marseille 35 France Elye Wahi
58%
FC Nantes 12 Nigéria Moses Simon
53%
Toulouse FC 18 France Guillaume Restes
37%
AJ Auxerre 17 Cote d'Ivoire Hamed Junior Traoré
23%
Montpellier HSC 10 France Joris Chotard
23%
Racing club de Strasbourg 20 Serbie Djordje Petrovic
18%
Stade de Reims 15 Brésil Gabriel Moscardo
18%
AS Saint-Etienne 4 France Gautier Larsonneur
18%
Stade Brestois 15 France Romain Faivre
17%
Angers SCO 4 Sénégal Bamba Dieng
12%
Le Havre 10 Sénégal Arouna Sangante
9%
Aucun quiz correspondant
Distribution des résultats
% des personnes avec chaque résultat
Percentile par nombre de réponses
Votre historique - résultats
Vous n’avez pas pris ce quiz